Southville International School and Colleges
Your cart is empty.
  • Cart
  • Lists
    Public lists list_1 View all
    Your lists Log in to create your own lists
  • Log in to your account
  • Your cookies
  • Search history
Southville International School and Colleges
  • Advanced search
  • Recent comments
  • Most popular
  • Libraries

Log in to your account

Log in with GOOGLE


If you do not have an external account, but do have a local account, you can still log in:

  1. Home
  2. MARC view: Words that sell :
Normal view MARC view ISBD view

Words that sell : (Record no. 39514)

[ view plain ]
MARC details
000 -LEADER
fixed length control field 00581nam a2200193 a 4500
005 - DATE AND TIME OF LATEST TRANSACTION
control field 20140311163024.0
008 - FIXED-LENGTH DATA ELEMENTS--GENERAL INFORMATION
fixed length control field 080116s19uu xx 00 eng d
020 ## - INTERNATIONAL STANDARD BOOK NUMBER
International Standard Book Number 9780071437858
050 ## - LIBRARY OF CONGRESS CALL NUMBER
Classification number HF 5825
Item number .B34 2006
100 ## - MAIN ENTRY--PERSONAL NAME
Personal name Bayan, Richard
245 ## - TITLE STATEMENT
Title Words that sell :
Remainder of title more than 6,000 entries entries to help you promote your products, services, and ideas /
Statement of responsibility, etc Richard Bayan.
260 ## - PUBLICATION, DISTRIBUTION, ETC. (IMPRINT)
Place of publication, distribution, etc New York :
Name of publisher, distributor, etc McGraw-Hill,
Date of publication, distribution, etc 2006.
300 ## - PHYSICAL DESCRIPTION
Extent 134 p. :
Dimensions 25 cm.
521 ## - TARGET AUDIENCE NOTE
Target audience note
650 ## - SUBJECT ADDED ENTRY--TOPICAL TERM
Topical term or geographic name as entry element Selling.
650 ## - SUBJECT ADDED ENTRY--TOPICAL TERM
Topical term or geographic name as entry element Advertising.
942 ## - ADDED ENTRY ELEMENTS (KOHA)
Koha item type Books
Source of classification or shelving scheme Library of Congress Classification
Call number prefix Foreign
Holdings
Withdrawn status Lost status Source of classification or shelving scheme Damaged status Home library Current library Shelving location Date acquired Source of acquisition Cost, normal purchase price Total Checkouts Total Renewals Full call number Barcode Date last seen Date checked out Copy number Price effective from Koha item type
    Library of Congress Classification   College Library College Library General Circulation Section 01/16/2008 Donation 1441.00 1 4 HF 5825 .B34 2006 C9053 12/05/2022 11/22/2022 1 10/18/2013 Books

Words that sell :

APA

Bayan R., . (2006). Words that sell. New York: McGraw-Hill.

Chicago

Bayan Richard, . 2006. Words that sell. New York: McGraw-Hill.

Harvard

Bayan R., . (2006). Words that sell. New York: McGraw-Hill.

MLA

Bayan Richard, . Words that sell. New York: McGraw-Hill. 2006.

  • Place hold
  • Print
  • Cite
  • Add to your cart (remove)
  • Save record
    BIBTEX Dublin Core MARCXML MARC (non-Unicode/MARC-8) MARC (Unicode/UTF-8) MARC (Unicode/UTF-8, Standard) MODS (XML) RIS
  • More searches
    Search for this title in:
    Other Libraries (WorldCat) Other Databases (Google Scholar) Online Stores (Bookfinder.com) Open Library (openlibrary.org)

Exporting to Dublin Core...

SOUTHVILLE LIBRARY

Southville International School and Colleges Library

1281 Tropical Ave. Cor. Luxembourg St., BF Homes International, Las Pinas City

Tel. No. 8256374 / 252358 Loc. 117/146

Powered by Koha